[Event "Spanish Championship"]
[Site "Las Palmas Gran Canaria"]
[Date "2017.10.01"]
[Round "3"]
[White "Barrenechea Bahamonde, Gustavo"]
[Black "Espinosa Aranda, Angel"]
[Result "1/2-1/2"]
[BlackTitle "IM"]
[WhiteElo "2110"]
[BlackElo "2453"]
[Board "19"]
[WhiteCountry "ESP"]
[WhiteFideId "2254425"]
[WhiteEloChange "8"]
[BlackCountry "ESP"]
[BlackFideId "2278189"]
[BlackEloChange "-4"]

1. e4 c5 2. Nf3 d6 3. Bb5+ Nd7 4. O-O a6 5. Bd3 Ngf6 6. c3 b5 7. Re1 Bb7 8.
Bc2 c4 9. a4 e6 10. axb5 axb5 11. Rxa8 Qxa8 12. Na3 Be7 13. Nxb5 O-O 14. d3
cxd3 15. Bxd3 Bxe4 16. Bxe4 Nxe4 17. c4 Ndf6 18. b3 d5 19. cxd5 Rd8 20. d6
Nxd6 21. Nxd6 Bxd6 22. Qe2 Qd5 23. Qc2 Bb4 24. Rf1 Ne4 25. Be3 h6 26. h3
Nc3 27. Ra1 Qd3 28. Qxd3 Rxd3 29. Ra8+ Kh7 30. Ra7 f6 31. Rb7 Nd5 32. Nd4
Bd6 33. Kf1 Nxe3+ 34. fxe3 Rxe3 35. Kf2 Re4 36. Nc6 Bc5+ 37. Kf1 h5 38. b4
Bd6 39. Kf2 Kg6 40. b5 Bc5+ 41. Kf1 Ra4 42. Ne7+ Kg5 43. Rc7 Bd6 44. Rd7
Bg3 45. Ke2 Ra2+ 46. Rd2 Ra5 47. Rb2 Ra7 48. Nc6 Rb7 49. b6 Bd6 50. Na5 Rf7
51. b7 e5 52. Nc6 h4 53. b8=Q Bxb8 54. Nxb8 Rc7 55. Rd2 Kf4 56. Na6 Rc4 57.
Kf2 e4 58. Rb2 f5 59. Nb4 Rd4 60. Na2 Rc4 61. Nb4 Rd4 62. Ke2 g5 63. Rb3 g4
64. Nc2 Rd3 65. Rxd3 exd3+ 66. Kxd3 Kg3 67. hxg4 fxg4 68. Ne3 h3 69. gxh3
gxh3 70. Ke2 h2 71. Nf1+ Kh3 72. Nxh2 Kxh2 1/2-1/2

[Event "Spanish Championship"]
[Site "Las Palmas Gran Canaria"]
[Date "2017.10.01"]
[Round "3"]
[White "Perez Garcia, Roberto"]
[Black "Ladron De Guevara Pinto, Paolo"]
[Result "0-1"]
[BlackTitle "FM"]
[WhiteElo "2104"]
[BlackElo "2414"]
[Board "20"]
[WhiteCountry "ESP"]
[WhiteFideId "2217708"]
[WhiteEloChange "-3"]
[BlackCountry "ESP"]
[BlackFideId "2290847"]
[BlackEloChange "1"]

1. d4 f5 2. Nf3 Nf6 3. g3 g6 4. Bg2 Bg7 5. O-O O-O 6. b3 b6 7. Bb2 e6 8.
Ne5 d5 9. c4 Bb7 10. Nd2 a5 11. Qc2 Na6 12. Rac1 c5 13. Rfd1 Qe7 14. Ndf3
Bh6 15. e3 Nb4 16. Qb1 dxc4 17. bxc4 Be4 18. Qa1 Nc2 19. Rxc2 Bxc2 20. Nc6
Qc7 21. Rd2 Be4 22. Nfe5 Bxg2 23. Kxg2 Ne4 24. Rd1 Bg7 25. d5 exd5 26. cxd5
a4 27. a3 Nd6 28. Rc1 Rfe8 29. f4 Ne4 30. Rd1 b5 31. Nf3 Bxb2 32. Qxb2 Qd6
33. Nfe5 b4 34. Nc4 Qf6 35. Qxf6 Nxf6 36. d6 Nd7 37. N4e5 Nxe5 38. fxe5 Re6
39. axb4 cxb4 40. Nxb4 Kf7 41. Nc6 a3 42. Kf3 a2 43. Kf4 h6 44. h4 a1=Q 45.
Rxa1 Rxa1 46. e4 Ke8 0-1

[Event "Spanish Championship"]
[Site "Las Palmas Gran Canaria"]
[Date "2017.10.01"]
[Round "3"]
[White "Marrero Cardenes, Agustin"]
[Black "Alvarado Diaz, Alejandro"]
[Result "0-1"]
[BlackTitle "IM"]
[WhiteElo "2030"]
[BlackElo "2407"]
[Board "21"]
[WhiteCountry "ESP"]
[WhiteFideId "22279490"]
[WhiteEloChange "-2"]
[BlackCountry "ESP"]
[BlackFideId "2276119"]
[BlackEloChange "1"]

1. d4 d6 2. Nf3 Nf6 3. Bf4 g6 4. h3 Bg7 5. e3 O-O 6. Bd3 Nfd7 7. O-O Nc6 8.
c3 e5 9. Bg5 Qe8 10. dxe5 dxe5 11. e4 Nc5 12. Bc2 Ne6 13. Be3 Qe7 14. Nh2
b6 15. Bd3 Bb7 16. Qc1 Rad8 17. Be2 f5 18. f3 Kh8 19. Nd2 a5 20. Qc2 Bf6
21. Bc4 Bg5 22. Bxg5 Qxg5 23. Rf2 Nf4 24. Kh1 Ne7 25. Re1 Qf6 26. Nhf1 Nc8
27. Ne3 Nd6 28. Nd5 Qh4 29. Nxf4 Qxf2 30. Re2 Qh4 31. Ne6 fxe4 32. fxe4
Nxc4 33. Nxc4 Rf1+ 34. Kh2 Rdd1 0-1

[Event "Spanish Championship"]
[Site "Las Palmas Gran Canaria"]
[Date "2017.10.01"]
[Round "3"]
[White "Garcia Blanco, Omar"]
[Black "Vega Gutierrez, Belinda"]
[Result "1-0"]
[WhiteTitle "FM"]
[BlackTitle "WIM"]
[WhiteElo "2241"]
[BlackElo "2150"]
[Board "22"]
[WhiteCountry "ESP"]
[WhiteFideId "2287153"]
[WhiteEloChange "7"]
[BlackCountry "ESP"]
[BlackFideId "2229994"]
[BlackEloChange "-7"]

1. e4 e5 2. Nf3 Nc6 3. d4 exd4 4. Nxd4 Bb4+ 5. c3 Be7 6. Nxc6 bxc6 7. Bc4
Nf6 8. e5 Nd5 9. Qg4 g6 10. Bh6 Nb6 11. Bb3 d5 12. Qf4 Qd7 13. Nd2 Qf5 14.
Qe3 Nd7 15. O-O Nc5 16. Nf3 Qe4 17. Qd2 Ba6 18. Rfe1 Qd3 19. Qc1 Qf5 20.
Bc2 Bd3 21. Nd4 Qd7 22. e6 fxe6 23. Nxe6 Nxe6 24. Bxd3 Nc5 25. Bc2 O-O-O
26. b4 Ne4 27. Qa3 Kb7 28. Bd3 Bg5 29. Bxg5 Nxg5 30. b5 c5 31. Qxc5 Rhe8
32. Rxe8 Rxe8 33. c4 Ne6 34. Qe3 Kb8 35. c5 Nd8 36. Qg3 Qg7 37. Rb1 Qc3 38.
b6 Re1+ 39. Rxe1 Qxe1+ 40. Bf1 axb6 41. cxb6 Ne6 42. bxc7+ Nxc7 43. Qb3+
Ka7 44. g3 Qe5 45. h4 h5 46. a4 Qd6 47. Bd3 Na6 48. Qb1 g5 49. hxg5 h4 50.
gxh4 Qf4 51. Bxa6 Qg4+ 52. Kf1 Qh3+ 53. Ke1 Qc3+ 54. Ke2 Qe5+ 55. Kf1 Kxa6
56. Qd3+ Kb7 57. g6 Kc6 58. Qb5+ Kc7 59. Qc5+ Kb7 60. Qf8 Qa1+ 61. Kg2 Qxa4
62. Qf3 Qxh4 63. Qxd5+ Kc7 64. Qf5 Qh6 65. f4 Kd8 66. Qf6+ Kd7 67. Qf7+ Kd8
68. g7 Qc6+ 69. Kg3 Qc3+ 70. Kg4 Qc8+ 71. f5 1-0

[Event "Spanish Championship"]
[Site "Las Palmas Gran Canaria"]
[Date "2017.10.01"]
[Round "3"]
[White "Suarez Uriel, Adrian"]
[Black "Sosa Suarez, Carla Cristina"]
[Result "1-0"]
[WhiteTitle "FM"]
[WhiteElo "2406"]
[BlackElo "1930"]
[Board "23"]
[WhiteCountry "ESP"]
[WhiteFideId "22230874"]
[WhiteEloChange "1"]
[BlackCountry "ESP"]
[BlackFideId "24536350"]
[BlackEloChange "-2"]

1. e4 e6 2. Qe2 c5 3. Nf3 g6 4. g3 Bg7 5. Bg2 Ne7 6. d3 d5 7. O-O Nbc6 8.
c3 O-O 9. a3 a5 10. a4 e5 11. Na3 h6 12. Re1 f5 13. exd5 Nxd5 14. Nc4 Re8
15. Nfxe5 Bxe5 16. Bf4 Nxf4 17. gxf4 Qh4 18. Qf3 Bd7 19. Nxe5 Nxe5 20. Rxe5
Rxe5 21. fxe5 Bc6 22. Qg3 Qxg3 23. hxg3 Bxg2 24. Kxg2 Rd8 25. Rd1 Rd5 26.
f4 g5 27. Kf3 Kf7 28. Ke3 Kg6 29. d4 c4 30. b3 cxb3 31. c4 Rd7 32. Rb1 Kh5
33. d5 Kg4 34. e6 Re7 35. Kf2 gxf4 36. Rxb3 fxg3+ 37. Rxg3+ Kf4 38. Re3 Kg5
39. d6 1-0

[Event "Spanish Championship"]
[Site "Las Palmas Gran Canaria"]
[Date "2017.10.02"]
[Round "4"]
[White "Anton Guijarro, David"]
[Black "Cuenca Jimenez, Jose Fernando"]
[Result "1-0"]
[WhiteTitle "GM"]
[BlackTitle "GM"]
[WhiteElo "2656"]
[BlackElo "2490"]
[Board "1"]
[WhiteCountry "ESP"]
[WhiteFideId "2285525"]
[WhiteEloChange "3"]
[BlackCountry "ESP"]
[BlackFideId "2255570"]
[BlackEloChange "-3"]

1. e4 e5 2. Nf3 Nc6 3. Bb5 Nf6 4. d3 d6 5. O-O Bd7 6. c3 g6 7. d4 Bg7 8.
Bd3 O-O 9. h3 Nh5 10. Be3 Nf4 11. Bxf4 exf4 12. Re1 h6 13. Nbd2 Ne7 14. e5
d5 15. b4 Be6 16. a4 Qd7 17. Nb3 b6 18. Ra2 Rae8 19. Bb5 c6 20. Bd3 g5 21.
a5 Bf5 22. Qc2 Rb8 23. axb6 axb6 24. Rea1 Bxd3 25. Qxd3 Rb7 26. Ra8 Ng6 27.
c4 dxc4 28. Qxc4 Ne7 29. Nbd2 Qd5 30. Qc2 Rbb8 31. R8a7 Qe6 32. Ne4 Nd5 33.
Qc4 Rfd8 34. Nd6 Bf8 35. Nxf7 Rd7 36. Nd6 Bxd6 37. exd6 Rxa7 38. Rxa7 Qxd6
39. Ne5 Re8 40. b5 cxb5 41. Qxb5 Qe6 42. Qb3 f3 43. Qxf3 Ne7 44. Qb7 Qd6
45. Qe4 Qd5 46. Qd3 Qe6 47. Rb7 Rd8 48. Qc3 Nd5 49. Qc2 Ne7 50. Qc7 Re8 51.
Rxb6 Nd5 52. Rxe6 Nxc7 53. Rxh6 Ne6 54. d5 Nf4 55. Nf3 1-0

[Event "Spanish Championship"]
[Site "Las Palmas Gran Canaria"]
[Date "2017.10.02"]
[Round "4"]
[White "Castellanos Rodriguez, Renier"]
[Black "Salgado Lopez, Ivan"]
[Result "1/2-1/2"]
[WhiteTitle "IM"]
[BlackTitle "GM"]
[WhiteElo "2481"]
[BlackElo "2627"]
[Board "2"]
[WhiteCountry "ESP"]
[WhiteFideId "3404650"]
[WhiteEloChange "2"]
[BlackCountry "ESP"]
[BlackFideId "2257327"]
[BlackEloChange "-2"]

1. Nf3 d5 2. d4 e6 3. c4 Nf6 4. g3 Bb4+ 5. Bd2 Be7 6. Bg2 c6 7. Qc2 Nbd7 8.
O-O b6 9. Bg5 Bb7 10. Nbd2 h6 11. Bxf6 Bxf6 12. Rfd1 O-O 13. e4 Rc8 14. e5
Be7 15. cxd5 cxd5 16. Qb3 Nb8 17. Bf1 Qd7 18. Bb5 Bc6 19. a4 Rc7 20. h4
Rfc8 21. Rdc1 Qd8 22. Nf1 a6 23. Bxc6 Nxc6 24. Qd1 Kh8 25. Rc2 Nb4 26. Rxc7
Qxc7 27. Ne3 Qc6 28. Qb3 b5 29. axb5 Qxb5 30. Ne1 Kg8 31. Qd1 a5 32. Rc1
Rc6 33. Qd2 Rxc1 34. Qxc1 Nc6 35. Nf3 Qb6 36. Qc3 Kf8 37. b3 Ke8 38. Qd3
Kd7 39. Nc2 Na7 40. h5 Qb5 41. Nfe1 Qxd3 42. Nxd3 Nb5 43. f3 Bd8 44. Nc5+
Kc6 45. Na4 f6 46. f4 fxe5 47. fxe5 Bb6 48. Nxb6 Kxb6 49. Kf2 Nc3 50. Ke3
Kb5 51. g4 a4 52. bxa4+ Kxa4 53. Ne1 Kb5 1/2-1/2

[Event "Spanish Championship"]
[Site "Las Palmas Gran Canaria"]
[Date "2017.10.02"]
[Round "4"]
[White "Forcen Esteban, Daniel"]
[Black "Suarez Garcia, Carlos"]
[Result "1/2-1/2"]
[WhiteTitle "GM"]
[BlackTitle "IM"]
[WhiteElo "2528"]
[BlackElo "2463"]
[Board "3"]
[WhiteCountry "ESP"]
[WhiteFideId "2288230"]
[WhiteEloChange "-1"]
[BlackCountry "ESP"]
[BlackFideId "22230858"]
[BlackEloChange "1"]

1. e4 c5 2. Nf3 e6 3. d4 cxd4 4. Nxd4 Nc6 5. Nc3 Qc7 6. Be2 a6 7. O-O Nf6
8. Be3 Bb4 9. Nxc6 bxc6 10. f4 Bxc3 11. bxc3 c5 12. Qd3 Bb7 13. e5 Nd5 14.
Bc1 O-O 15. c4 Nb4 16. Qd2 Rfd8 17. c3 Nc6 18. Rd1 Ne7 19. Qd6 Qxd6 20.
Rxd6 Be4 21. Kf2 Nc8 22. Rd2 Nb6 23. Ba3 Na4 24. Rc1 Rac8 25. g4 f5 26.
gxf5 exf5 27. Bd1 Nb6 28. Rd6 Rc6 29. Rxc6 dxc6 30. Bxc5 Rd2+ 31. Ke1 Rb2
32. Bb3 Nd7 33. Bd6 c5 34. Ba4 Nb6 35. Bd1 Rxh2 36. Bxc5 Nxc4 37. e6 Nb2
38. Bb3 Nd3+ 39. Kf1 Rh1+ 40. Bg1 Kf8 41. Rd1 Ke7 42. Bc4 Nc5 43. Rd2 Nxe6
44. Bxe6 Kxe6 45. Rh2 Rxh2 46. Bxh2 Bb1 47. a3 Kd5 48. Kg2 Ke4 49. Kg3 h6
50. Bg1 g5 51. Bd4 g4 52. Bg7 h5 53. Bf6 Ba2 54. Bd8 Kd3 55. Bf6 Bf7 56.
Bd8 Kxc3 57. Be7 1/2-1/2

[Event "Spanish Championship"]
[Site "Las Palmas Gran Canaria"]
[Date "2017.10.02"]
[Round "4"]
[White "Santos Latasa, Jaime"]
[Black "Narciso Dublan, Marc"]
[Result "1/2-1/2"]
[WhiteTitle "IM"]
[BlackTitle "GM"]
[WhiteElo "2523"]
[BlackElo "2459"]
[Board "4"]
[WhiteCountry "ESP"]
[WhiteFideId "2293307"]
[WhiteEloChange "-1"]
[BlackCountry "ESP"]
[BlackFideId "2201500"]
[BlackEloChange "1"]

1. e4 e6 2. d4 d5 3. Nc3 Nf6 4. e5 Nfd7 5. f4 c5 6. Nf3 Nc6 7. Be3 a6 8.
Qd2 b5 9. a3 Be7 10. g3 O-O 11. Bg2 Bb7 12. O-O Qc7 13. dxc5 Bxc5 14. Bxc5
Nxc5 15. Qe3 d4 16. Nxd4 Nxd4 17. Qxd4 Bxg2 18. Kxg2 Na4 19. Ne4 Qxc2+ 20.
Rf2 Qc6 21. Kg1 Rad8 22. Nd6 f6 23. Raf1 Nb6 24. Qe3 Nc4 25. Nxc4 bxc4 26.
exf6 Rd3 27. Qe5 gxf6 28. Qh5 Rfd8 29. Qg4+ Kf7 30. Qh5+ Kg7 31. Qg4+ Kf7
32. Qh5+ 1/2-1/2

[Event "Spanish Championship"]
[Site "Las Palmas Gran Canaria"]
[Date "2017.10.02"]
[Round "4"]
[White "Suarez Gomez, Julio"]
[Black "Alshameary Puente, Ismael"]
[Result "1/2-1/2"]
[WhiteTitle "FM"]
[BlackTitle "FM"]
[WhiteElo "2485"]
[BlackElo "2333"]
[Board "5"]
[WhiteCountry "ESP"]
[WhiteFideId "22275991"]
[WhiteEloChange "-2"]
[BlackCountry "ESP"]
[BlackFideId "2225166"]
[BlackEloChange "4"]

1. d4 Nf6 2. Nf3 e6 3. Bf4 c5 4. e3 Nc6 5. Nbd2 d5 6. c3 Bd6 7. Bg3 O-O 8.
Bb5 Ne7 9. Bd3 b6 10. e4 c4 11. Bc2 Nxe4 12. Nxe4 dxe4 13. Bxe4 Nd5 14. Qa4
b5 15. Qxb5 Rb8 16. Qxc4 Rxb2 17. O-O Bxg3 18. hxg3 Qa5 19. Rfc1 Ba6 20.
Qc5 Qxc5 21. dxc5 Nf6 22. Rc2 Rxc2 23. Bxc2 Rc8 24. Rd1 Kf8 25. Bb3 Ke7 26.
c4 Rxc5 27. Nd2 Bb7 28. f3 Nd7 29. Kf2 h5 30. Rb1 Bc6 31. Bd1 Ra5 32. Rb2
Nb6 33. Be2 Na4 34. Rc2 Nb6 1/2-1/2

[Event "Spanish Championship"]
[Site "Las Palmas Gran Canaria"]
[Date "2017.10.02"]
[Round "4"]
[White "Perez Candelario, Manuel"]
[Black "Martin Duque, Jesus"]
[Result "1-0"]
[WhiteTitle "GM"]
[BlackTitle "FM"]
[WhiteElo "2591"]
[BlackElo "2387"]
[Board "6"]
[WhiteCountry "ESP"]
[WhiteFideId "2210622"]
[WhiteEloChange "2"]
[BlackCountry "ESP"]
[BlackFideId "2208954"]
[BlackEloChange "-5"]

1. e4 c5 2. Nf3 e6 3. d4 cxd4 4. Nxd4 Nc6 5. Nc3 Qc7 6. Be3 Nf6 7. f4 Bb4
8. Nb5 Qa5 9. e5 Nd5 10. Bd2 Nxc3 11. Nxc3 d5 12. Bd3 Bd7 13. a3 Be7 14.
O-O O-O-O 15. Kh1 Qb6 16. b4 Kb8 17. Qb1 Rc8 18. Ne2 Ka8 19. Qe1 Nd4 20.
Nxd4 Qxd4 21. Be3 Qc3 22. Qf2 b6 23. Bd4 Qc7 24. c3 Ba4 25. f5 Qd7 26. Qe2
g6 27. fxe6 fxe6 28. Qg4 Rhf8 29. Kg1 Rxf1+ 30. Rxf1 Rf8 31. Rxf8+ Bxf8 32.
h4 Qf7 33. g3 Bh6 34. Kg2 Bc1 35. Qe2 Kb8 36. Qe1 Bh6 37. Be3 Bg7 38. Bf4
Bc6 39. Kh2 h6 40. Qe2 Bf8 41. Be3 Bg7 42. Bd4 Kc7 43. Kg2 Kd8 44. b5 Be8
45. a4 Bf8 46. Qe3 Qc7 47. a5 Bc5 48. axb6 axb6 49. Qxh6 Bxd4 50. cxd4 Qf7
51. Qc1 Qa7 52. Bxg6 Bxb5 53. Kh3 Qa6 54. h5 Bf1+ 55. Kh4 Qe2 56. Qf4 Kc8
57. h6 1-0

[Event "Spanish Championship"]
[Site "Las Palmas Gran Canaria"]
[Date "2017.10.02"]
[Round "4"]
[White "Ladron De Guevara Pinto, Paolo"]
[Black "Vazquez Igarza, Renier"]
[Result "1/2-1/2"]
[WhiteTitle "FM"]
[BlackTitle "GM"]
[WhiteElo "2414"]
[BlackElo "2578"]
[Board "7"]
[WhiteCountry "ESP"]
[WhiteFideId "2290847"]
[WhiteEloChange "2"]
[BlackCountry "ESP"]
[BlackFideId "3503054"]
[BlackEloChange "-2"]

1. e4 c5 2. Nf3 d6 3. d4 cxd4 4. Nxd4 Nf6 5. Nc3 a6 6. Bg5 e6 7. f4 Nbd7 8.
Qf3 Qc7 9. O-O-O b5 10. e5 Bb7 11. Qh3 dxe5 12. Nxe6 fxe6 13. Qxe6+ Be7 14.
Bxb5 axb5 15. Nxb5 Qc6 16. Nd6+ Kd8 17. fxe5 Kc7 18. Qxe7 Rxa2 19. exf6
Ra1+ 20. Kd2 Qd5+ 21. Kc3 Qa5+ 22. Kd3 Qd5+ 23. Kc3 Qa5+ 24. Kd3 Qd5+ 25.
Kc3 Qa5+ 26. Kd3 Qd5+ 27. Kc3 Qa5+ 28. Kd3 Qd5+ 29. Kc3 Qa5+ 30. Kd3 Qd5+
1/2-1/2

[Event "Spanish Championship"]
[Site "Las Palmas Gran Canaria"]
[Date "2017.10.02"]
[Round "4"]
[White "Ibarra Jerez, Jose Carlos"]
[Black "Garcia Blanco, Omar"]
[Result "1-0"]
[WhiteTitle "GM"]
[BlackTitle "FM"]
[WhiteElo "2561"]
[BlackElo "2241"]
[Board "8"]
[WhiteCountry "ESP"]
[WhiteFideId "2226332"]
[WhiteEloChange "1"]
[BlackCountry "ESP"]
[BlackFideId "2287153"]
[BlackEloChange "-3"]

1. e4 c5 2. Nf3 e6 3. d4 cxd4 4. Nxd4 Nc6 5. Nc3 Qc7 6. g3 a6 7. Bg2 Nge7
8. Nb3 b5 9. f4 Na5 10. O-O Nc4 11. Nd4 Bb7 12. b3 Nb6 13. Qd3 Nc6 14. Be3
Nxd4 15. Qxd4 Rc8 16. Nxb5 axb5 17. Qxb6 Qxb6 18. Bxb6 Rxc2 19. Rfc1 Rc6
20. Bd4 f6 21. e5 Rxc1+ 22. Rxc1 fxe5 23. fxe5 Bxg2 24. Rc8+ Kf7 25. Kxg2
b4 26. Rd8 Ke7 27. Rb8 Kf7 28. Bc5 Rg8 29. Bxb4 Bxb4 30. Rxb4 h5 1-0

[Event "Spanish Championship"]
[Site "Las Palmas Gran Canaria"]
[Date "2017.10.02"]
[Round "4"]
[White "Alvarado Diaz, Alejandro"]
[Black "Korneev, Oleg"]
[Result "1/2-1/2"]
[WhiteTitle "IM"]
[BlackTitle "GM"]
[WhiteElo "2407"]
[BlackElo "2550"]
[Board "9"]
[WhiteCountry "ESP"]
[WhiteFideId "2276119"]
[WhiteEloChange "2"]
[BlackCountry "ESP"]
[BlackFideId "4156803"]
[BlackEloChange "-2"]

1. Nf3 d5 2. d3 Nf6 3. Nbd2 Bf5 4. Nh4 e6 5. Nxf5 exf5 6. g3 Bc5 7. Nb3 Bb6
8. Bg2 O-O 9. O-O c6 10. Nd2 Re8 11. Nf3 Qe7 12. e3 Nbd7 13. b3 a5 14. a3
Rad8 15. Qd2 Ne5 16. Bb2 Nxf3+ 17. Bxf3 Bc7 18. Bg2 h5 19. c4 h4 20. Bxf6
Qxf6 21. cxd5 cxd5 22. d4 hxg3 23. hxg3 g6 24. Rac1 Bb6 25. b4 a4 26. Qc2
Kg7 27. Qxa4 Rh8 28. Qd1 g5 29. Re1 f4 30. exf4 gxf4 31. Qg4+ Kf8 32. Qxf4
Qxf4 33. gxf4 Rh4 34. Re5 Rxf4 35. Rxd5 Rxd5 36. Bxd5 Bxd4 37. Rc2 b6 38.
Kg2 Ke7 39. f3 Rf5 40. Be4 1/2-1/2

[Event "Spanish Championship"]
[Site "Las Palmas Gran Canaria"]
[Date "2017.10.02"]
[Round "4"]
[White "Vega Gutierrez, Sabrina"]
[Black "Del Rio De Angelis, Salvador G."]
[Result "1/2-1/2"]
[WhiteTitle "IM"]
[BlackTitle "GM"]
[WhiteElo "2373"]
[BlackElo "2524"]
[Board "10"]
[WhiteCountry "ESP"]
[WhiteFideId "2219026"]
[WhiteEloChange "4"]
[BlackCountry "ESP"]
[BlackFideId "2203138"]
[BlackEloChange "-2"]

1. Nf3 d5 2. c4 e6 3. g3 c6 4. Bg2 b5 5. cxb5 cxb5 6. d4 Nf6 7. Bf4 Be7 8.
Nbd2 O-O 9. Rc1 Na6 10. Ne5 Bb7 11. O-O Qb6 12. Nb3 Rfc8 13. Bg5 Rxc1 14.
Qxc1 Rc8 15. Qb1 Nb8 16. Rc1 Rxc1+ 17. Qxc1 h6 18. Bd2 b4 19. Nc5 Ne4 20.
Bxe4 dxe4 21. Nxb7 Qxb7 22. Qc4 a5 23. b3 Bd6 24. Bf4 Bxe5 25. Bxe5 Nc6 26.
Bd6 Qb6 27. e3 Qb7 28. h4 Qd7 29. Qc5 Nd8 30. Bc7 Nb7 31. Qb6 Qd5 32. Qa7
h5 33. Qa8+ Kh7 34. Qe8 Kg6 35. Qe7 f6 36. Qe8+ Kh7 37. Qf7 Kh6 38. Bf4+
Kh7 39. Be5 fxe5 40. Qxh5+ Kg8 41. Qe8+ Kh7 42. Qh5+ Kg8 1/2-1/2

[Event "Spanish Championship"]
[Site "Las Palmas Gran Canaria"]
[Date "2017.10.02"]
[Round "4"]
[White "Teran Alvarez, Ismael"]
[Black "Asis Gargatagli, Hipolito"]
[Result "0-1"]
[WhiteTitle "IM"]
[BlackTitle "IM"]
[WhiteElo "2384"]
[BlackElo "2519"]
[Board "11"]
[WhiteCountry "ESP"]
[WhiteFideId "2204177"]
[WhiteEloChange "-6"]
[BlackCountry "ESP"]
[BlackFideId "2260735"]
[BlackEloChange "3"]

1. e4 c5 2. Nf3 d6 3. d4 cxd4 4. Nxd4 Nf6 5. Nc3 a6 6. a3 Nc6 7. Bc4 e6 8.
Be3 Be7 9. Ba2 Bd7 10. f4 Rc8 11. f5 Nxd4 12. Qxd4 exf5 13. O-O fxe4 14.
Nxe4 O-O 15. Nxf6+ Bxf6 16. Qxd6 Rxc2 17. Bb6 Rxg2+ 18. Kh1 Rd2 19. Bxd8
Rxd6 20. Bxf6 Bc6+ 21. Kg1 gxf6 22. Rad1 Rfd8 23. Bb3 Be4 24. Kf2 f5 25.
Rfe1 Kg7 26. Rxd6 Rxd6 27. Re2 Kf6 28. Bc4 Rd7 29. a4 a5 30. b4 0-1

[Event "Spanish Championship"]
[Site "Las Palmas Gran Canaria"]
[Date "2017.10.02"]
[Round "4"]
[White "Tejedor Fuente, Enrique"]
[Black "Santos Ruiz, Miguel"]
[Result "0-1"]
[WhiteTitle "FM"]
[BlackTitle "IM"]
[WhiteElo "2368"]
[BlackElo "2505"]
[Board "12"]
[WhiteCountry "ESP"]
[WhiteFideId "2299100"]
[WhiteEloChange "-6"]
[BlackCountry "ESP"]
[BlackFideId "22291482"]
[BlackEloChange "3"]

1. e4 c5 2. Nf3 d6 3. d4 cxd4 4. Nxd4 Nf6 5. Nc3 a6 6. Bg5 e6 7. f4 h6 8.
Bh4 Qb6 9. a3 Be7 10. Bf2 Qc7 11. Qf3 Nc6 12. Nb3 b5 13. Bd3 b4 14. axb4
Nxb4 15. O-O Rb8 16. e5 Nd7 17. exd6 Bxd6 18. Bd4 Nxd3 19. Qxd3 O-O 20. Qg3
f6 21. Ne4 Be7 22. Rf2 Bb7 23. Qg4 Qc6 24. Re1 Rf7 25. Nc3 Nf8 26. Na5 Qc7
27. Nxb7 Rxb7 28. Nd1 Rb5 29. g3 Bd6 30. Qe2 e5 31. c4 Ra5 32. fxe5 Bxe5
33. Bc3 Bxc3 34. Nxc3 Re5 35. Qf1 Rxe1 36. Qxe1 Qxc4 37. Qe4 Qc5 38. Qd5
Qxd5 39. Nxd5 Rb7 40. Kg2 Nd7 41. b4 Nb6 42. Nxf6+ gxf6 43. Rxf6 Kg7 44.
Rc6 Nd5 45. Rxa6 Rxb4 46. Ra5 Nf6 47. Ra2 Kg6 48. Kh3 Rd4 49. Rb2 Ne4 50.
Re2 Kf5 51. Ra2 Rd2 52. Ra5+ Kg6 53. Ra6+ Nf6 54. Ra3 Rc2 55. Ra6 Rf2 56.
Ra7 Rc2 57. Ra6 Rd2 58. Rb6 Ra2 59. Rb4 Ra5 60. Rb7 Ne4 61. Rb6+ Kg5 62.
Rb2 Rd5 63. Re2 Rd4 64. Ra2 Kh5 65. g4+ Kg6 66. Kh4 Rd6 67. Ra8 Ng5 68. Ra3
Nf7 69. Re3 Rf6 70. h3 Nd8 71. Re8 Ne6 72. Kg3 Ng5 73. Re3 Rc6 74. Ra3 Rc3+
75. Rxc3 Ne4+ 76. Kf4 Nxc3 77. h4 Nd5+ 78. Ke5 Nf6 79. Kf4 Nd7 80. Ke4 Nf8
81. Ke5 Kg7 82. Kf5 Ng6 83. h5 Nh4+ 84. Ke6 Nf3 85. Kf5 Ng5 86. Ke5 Kf7 87.
Kf5 Ne6 88. Ke5 Ng7 89. g5 hxg5 90. h6 Ne6 91. Kf5 Kg8 92. Kg4 Kh8 93. Kf5
Kh7 94. Kxe6 g4 0-1

[Event "Spanish Championship"]
[Site "Las Palmas Gran Canaria"]
[Date "2017.10.02"]
[Round "4"]
[White "Bernabeu Lopez, Carlos Javier"]
[Black "Cruz Lledo, Pablo"]
[Result "0-1"]
[WhiteTitle "FM"]
[BlackTitle "IM"]
[WhiteElo "2335"]
[BlackElo "2432"]
[Board "13"]
[WhiteCountry "ESP"]
[WhiteFideId "2235366"]
[WhiteEloChange "-7"]
[BlackCountry "ESP"]
[BlackFideId "2297361"]
[BlackEloChange "4"]

1. e4 c6 2. Nc3 g6 3. d4 Bg7 4. Nf3 d5 5. h3 Nf6 6. Bd3 O-O 7. O-O a5 8.
Bf4 Na6 9. a3 c5 10. e5 Nh5 11. Bh2 cxd4 12. Ne2 f6 13. exf6 Nxf6 14. Nexd4
Nc5 15. Qe2 Nfe4 16. Nb5 Bxb2 17. Nc7 Bxa1 18. Rxa1 Bf5 19. Nxa8 Qxa8 20.
Qe3 Qc8 21. Nd4 Ne6 22. Nxf5 gxf5 23. Bxe4 dxe4 24. Be5 Qc5 25. Qg3+ Kf7
26. Bb2 Qxc2 27. Be5 Qc5 28. Bb2 f4 29. Qh4 h5 30. Rc1 Qg5 31. Qxg5 Nxg5
32. Rc5 Rg8 33. Rxa5 f3 34. Rf5+ Ke6 35. Re5+ Kd6 36. g3 h4 37. Kh2 hxg3+
38. fxg3 Rc8 0-1

[Event "Spanish Championship"]
[Site "Las Palmas Gran Canaria"]
[Date "2017.10.02"]
[Round "4"]
[White "Arizmendi Martinez, Julen Luis"]
[Black "Cruz Pino, Adrian"]
[Result "1-0"]
[WhiteTitle "GM"]
[WhiteElo "2513"]
[BlackElo "2115"]
[Board "14"]
[WhiteCountry "ESP"]
[WhiteFideId "2205092"]
[WhiteEloChange "1"]
[BlackCountry "ESP"]
[BlackFideId "32004389"]
[BlackEloChange "-2"]

1. e4 c5 2. Nf3 d6 3. d4 cxd4 4. Nxd4 Nf6 5. Nc3 a6 6. Be2 e5 7. Nf3 h6 8.
Nd2 Be7 9. Nc4 Be6 10. Be3 Bxc4 11. Bxc4 O-O 12. O-O Nbd7 13. Qe2 Rc8 14.
Rad1 Qc7 15. Bb3 Nc5 16. Nd5 Nxd5 17. Bxd5 Nd7 18. c3 Nf6 19. Qf3 Qd7 20.
h3 Nxd5 21. Rxd5 f5 22. exf5 Rxf5 23. Qg4 h5 24. Qe4 Rcf8 25. Rfd1 Qe6 26.
R5d2 Qc8 27. c4 Qc6 28. Qd5+ Qxd5 29. Rxd5 Rc8 30. c5 dxc5 31. Rd7 Bf8 32.
Rxb7 Rf7 33. Rxf7 Kxf7 34. Rd7+ Ke6 35. Rb7 Rc6 36. Kf1 g6 37. Ke2 c4 38.
Kd2 Be7 39. Kc2 Bf6 40. a4 e4 41. a5 Kd5 42. Bb6 Be5 43. Ra7 Bf6 44. Ra8
Rd6 45. Be3 Be5 46. Rc8 Rc6 47. Rg8 Rd6 48. Bb6 Re6 49. Be3 Rd6 50. Rb8 Rc6
51. Rb7 Rc7 52. Rb8 Rc6 53. Rg8 Rd6 54. g4 hxg4 55. hxg4 Rc6 56. Ra8 Bc7
57. Bd2 Be5 58. g5 Bc7 59. Bc3 Re6 60. Bf6 Bxa5 61. Kd1 Bb6 62. Ke2 a5 63.
Rg8 a4 64. Ra8 Bc5 65. Rxa4 Bd4 66. Ra5+ Bc5 67. Ra8 Be7 68. Ra5+ Bc5 69.
Bg7 Kc6 70. Ra8 Kd7 71. Bf6 Re8 72. Ra4 Be7 73. Ra7+ Ke6 74. Rxe7+ 1-0